|
|
|
|
| LEADER |
00925nam a2200241 a 4500 |
| 001 |
00007421 |
| 008 |
101206s1996 enka 001 0 eng =020 \\a1858051649 |
| 040 |
|
|
|a BD-DhAAL
|c BD-DhAAL
|
| 082 |
0 |
4 |
|a 004
|2 21
|
| 100 |
1 |
|
|a French, C. S.
|
| 245 |
1 |
0 |
|a Computer Scince /
|c C. S. French.
|
| 250 |
|
|
|a 5th ed.
|
| 260 |
|
|
|a London :
|b DP,
|c c1996.
|
| 300 |
|
|
|a iv, 506 p. :
|b ill. ;
|c 23 cm.
|
| 504 |
|
|
|a Includes index.
|
| 541 |
1 |
|
|e 00007421
|
| 650 |
|
0 |
|a Electronic data processing.
|
| 650 |
|
0 |
|a Computers.
|
| 852 |
4 |
|
|a Ayesha Abed library
|j General Shelf.
|
| 942 |
0 |
0 |
|0 1
|
| 999 |
|
|
|c 10221
|d 10221
|
| 952 |
|
|
|0 0
|1 0
|2 ddc
|4 1
|6 004_000000000000000_FRE
|7 0
|9 13638
|a BRACUL
|b BRACUL
|c SPS
|d 2010-12-15
|l 4
|m 13
|o 004 FRE
|p 3010007421
|r 2016-01-04
|s 2015-12-02
|t 1
|w 2010-12-15
|y BK
|
| 952 |
|
|
|0 0
|1 0
|2 ddc
|4 1
|6 004_000000000000000_FRE
|7 0
|9 15950
|a BRACUL
|b BRACUL
|c SPS
|d 2011-03-31
|l 1
|o 004 FRE
|p 3010007416
|r 2011-10-18
|s 2011-10-16
|t 2
|w 2011-03-31
|y BK
|